K.G. Subramanyan, a retrospective / (Record no. 2385)
[ view plain ]
| 000 -LEADER | |
|---|---|
| fixed length control field | 01132nam a2200265 a 4500 |
| 003 - CONTROL NUMBER IDENTIFIER | |
| control field | BD-DhJNU |
| 005 - DATE AND TIME OF LATEST TRANSACTION | |
| control field | 20251119043910.0 |
| 008 - FIXED-LENGTH DATA ELEMENTS--GENERAL INFORMATION | |
| fixed length control field | 031208s2003 ii a bc 000 0 eng |
| 020 ## - INTERNATIONAL STANDARD BOOK NUMBER | |
| International Standard Book Number | 8187902132 |
| 040 ## - CATALOGING SOURCE | |
| Original cataloging agency | BD-DhJNU |
| Language of cataloging | ENG |
| Transcribing agency | BD-DhJNU |
| Modifying agency | BD-DhJNU |
| 082 00 - DEWEY DECIMAL CLASSIFICATION NUMBER | |
| Classification number | 759.54 SIK |
| Edition number | 23 |
| 100 1# - MAIN ENTRY--PERSONAL NAME | |
| Personal name | Siva Kumar, R. |
| 245 10 - TITLE STATEMENT | |
| Title | K.G. Subramanyan, a retrospective / |
| Statement of responsibility, etc. | R. Siva Kumar |
| 260 ## - PUBLICATION, DISTRIBUTION, ETC. | |
| Place of publication, distribution, etc. | New Delhi : |
| Name of publisher, distributor, etc. | National Gallery of Modern Art, |
| Date of publication, distribution, etc. | c2003. |
| 300 ## - PHYSICAL DESCRIPTION | |
| Extent | 224, [4] p. : |
| Other physical details | ill. (chiefly col.) ; |
| Dimensions | 28 cm. |
| 500 ## - GENERAL NOTE | |
| General note | Published in conjunction with the exhibition at the National Gallery of Modern Art, New Delhi from Jan. 30, 2003 to Mar. 16, 2003. |
| 500 ## - GENERAL NOTE | |
| General note | "List of exhibits": p. [225-228]. |
| 504 ## - BIBLIOGRAPHY, ETC. NOTE | |
| Bibliography, etc. note | Includes bibliographical references (p. 221-223). |
| 600 10 - SUBJECT ADDED ENTRY--PERSONAL NAME | |
| Personal name | Subramanyan, K. G., |
| Dates associated with a name | 1924-2016 |
| Form subdivision | Exhibitions. |
| 600 10 - SUBJECT ADDED ENTRY--PERSONAL NAME | |
| Personal name | Subramanyan, K. G., |
| Dates associated with a name | 1924-2016 |
| General subdivision | Criticism and interpretation. |
| 655 #7 - INDEX TERM--GENRE/FORM | |
| Genre/form data or focus term | Exhibition catalogs. |
| Source of term | lcgft |
| Authority record control number or standard number | https://id.loc.gov/authorities/genreForms/gf2014026098 |
| 700 1# - ADDED ENTRY--PERSONAL NAME | |
| Personal name | Subramanyan, K. G., |
| Dates associated with a name | 1924-2016. |
| 710 2# - ADDED ENTRY--CORPORATE NAME | |
| Corporate name or jurisdiction name as entry element | National Gallery of Modern Art (New Delhi, India) |
| 942 ## - ADDED ENTRY ELEMENTS (KOHA) | |
| Koha item type | Books |
| Source of classification or shelving scheme | Dewey Decimal Classification |
| Withdrawn status | Lost status | Source of classification or shelving scheme | Damaged status | Not for loan | Collection | Home library | Current library | Shelving location | Date acquired | Source of acquisition | Total checkouts | Full call number | Barcode | Date last seen | Copy number | Price effective from | Koha item type |
|---|---|---|---|---|---|---|---|---|---|---|---|---|---|---|---|---|---|
| Dewey Decimal Classification | Non-fiction | Jagannath University Central Library | Jagannath University Central Library | General stacks | 11/19/2025 | Purchased | 759.54 SIK | JNUCL36261 | 11/19/2025 | 1 | 11/19/2025 | Books |